LEADER 00963nam0 22002651i 450 001 UON00347647 005 20231205104327.400 100 $a20091125d1968 |0itac50 ba 101 $aeng 102 $aGB 105 $a|||| 1|||| 200 1 $aContemporary playwrights$eHarold Pinter$fRonald Hayman 210 $aLondon$cHeinemann$d1968 215 $aviii, 80 p.$d19 cm. 606 $aPINTER HAROLD$3UONC051480$2FI 620 $aGB$dLondon$3UONL003044 676 $a823.009$cStoria della narrativa inglese$v21 700 1$aHAYMAN$bRonald$3UONV189607$0131862 712 $aHeinemann$3UONV247100$4650 801 $aIT$bSOL$c20240220$gRICA 899 $aSIBA - SISTEMA BIBLIOTECARIO DI ATENEO$2UONSI 912 $aUON00347647 950 $aSIBA - SISTEMA BIBLIOTECARIO DI ATENEO$dSI Angl VI B PIN HAY $eSI SI 94068 5 996 $aContemporary playwrights$91210054 997 $aUNIOR LEADER 01592nam0 22003131i 450 001 UON00080324 005 20231205102426.435 100 $a20020107d1983 |0itac50 ba 101 $aita 102 $aIT 105 $a|||| ||||| 200 1 $aCiviltà dell'antico Egitto in Campania$ePer un riordinamento della collezione egiziana del Museo Archeologico Nazionale di Napoli$eRaccolta di studi in occasione della Mostra allestita nel Museo Archeologico Nazionale 205 $aNapoli : Tempi Moderni$b[1983] 210 $a84 p.$cill., p. di tav. ; 23 cm 215 $aIn testa al front.: Comune di Napoli$dSoprintendenza Archeologica di Napoli e Caserta 423 1$1001UON00361504$12001 $aPer un riordinamento della collezione egiziana del Museo Archeologico Naziona le di Napoli 606 $aCAMPANIA$xInflussi egiziani$3UONC024522$2FI 606 $aEGITTO ANTICO$xCollezioni$3UONC018495$2FI 606 $aEGITTOLOGIA$3UONC023475$2FI 606 $aNapoli$xMusei$3UONC021151$2FI 620 $aIT$dNapoli$3UONL000012 676 $a932.074$cEGITTOLOGIA - Collezioni$v21 712 $aTempi Moderni$3UONV253959$4650 801 $aIT$bSOL$c20250718$gRICA 912 $aUON00080324 950 $aSIBA - SISTEMA BIBLIOTECARIO DI ATENEO$dSI II c 014 $eSI AA 5989 5 014 950 $aSIBA - SISTEMA BIBLIOTECARIO DI ATENEO$dSI II c 014 bis $eSI AA 22451 5 014 bis 996 $aCiviltà dell'antico Egitto in Campania$91301525 997 $aUNIOR